<?xml version="1.0" encoding="UTF-8"?><?xml-stylesheet type="text/xsl" href="static/style.xsl"?><OAI-PMH xmlns="http://www.openarchives.org/OAI/2.0/" xmlns:xsi="http://www.w3.org/2001/XMLSchema-instance" xsi:schemaLocation="http://www.openarchives.org/OAI/2.0/ http://www.openarchives.org/OAI/2.0/OAI-PMH.xsd"><responseDate>2026-04-13T18:22:06Z</responseDate><request verb="GetRecord" identifier="oai:www.recercat.cat:10230/70110" metadataPrefix="marc">https://recercat.cat/oai/request</request><GetRecord><record><header><identifier>oai:recercat.cat:10230/70110</identifier><datestamp>2025-04-09T19:37:54Z</datestamp><setSpec>com_2072_6</setSpec><setSpec>col_2072_452954</setSpec></header><metadata><record xmlns="http://www.loc.gov/MARC21/slim" xmlns:dcterms="http://purl.org/dc/terms/" xmlns:xsi="http://www.w3.org/2001/XMLSchema-instance" xmlns:doc="http://www.lyncode.com/xoai" xsi:schemaLocation="http://www.loc.gov/MARC21/slim http://www.loc.gov/standards/marcxml/schema/MARC21slim.xsd">
   <leader>00925njm 22002777a 4500</leader>
   <datafield ind2=" " ind1=" " tag="042">
      <subfield code="a">dc</subfield>
   </datafield>
   <datafield ind2=" " ind1=" " tag="720">
      <subfield code="a">Gutiérrez Ferré, Aldric</subfield>
      <subfield code="e">author</subfield>
   </datafield>
   <datafield ind2=" " ind1=" " tag="260">
      <subfield code="c">2025-04-08T13:12:34Z</subfield>
   </datafield>
   <datafield ind2=" " ind1=" " tag="260">
      <subfield code="c">2025-04-08T13:12:34Z</subfield>
   </datafield>
   <datafield ind2=" " ind1=" " tag="260">
      <subfield code="c">2024</subfield>
   </datafield>
   <datafield ind2=" " ind1=" " tag="520">
      <subfield code="a">Tutor: J. Roberto Sánchez-Reina</subfield>
   </datafield>
   <datafield ind2=" " ind1=" " tag="520">
      <subfield code="a">Tutora: Davinia Hernández-Leo</subfield>
   </datafield>
   <datafield ind2=" " ind1=" " tag="520">
      <subfield code="a">Treball de fi de Grau en Enginyeria Informàtica</subfield>
   </datafield>
   <datafield ind2=" " ind1=" " tag="520">
      <subfield code="a">This study aimed to evaluate the influence of a Generative Artificial Intelligence (GenAI) agent within
the Computer Supported Collaborative Learning (CSCL) platform “PyramidApp”. Using a
quasi-experimental within-subject design, the research analyzed the behaviors of the GenAI agent in
the PyramidApp environment. The study examined 105 chat room conversations, both assisted and
non-assisted by a masked GenAI agent. The findings revealed that the presence of the GenAI agent
positively impacted quality aspects such as precision, reduced confusion, and enhanced knowledge
building. Additionally, the study determined that the GenAI agent’s ratings correlated positively with
students’ ratings, providing student-like feedback on submissions. Furthermore, the analysis indicated
that a GenAI chatbot in PyramidApp influenced both individual group member performance, and
overall group behavior in online activities. The results offer valuable insights into effective strategies
for integrating GenAI into CSCL environments, helping developers consider key design elements for
future GenAI integrations.</subfield>
   </datafield>
   <datafield ind2=" " ind1=" " tag="520">
      <subfield code="a">El presente estudio tuvo como objetivo evaluar la influencia de un agente de Inteligencia Artificial
Generativa (GenAI) dentro de la plataforma de Aprendizaje Colaborativo Apoyado por Ordenador
(CSCL) “PyramidApp”. Utilizando un diseño cuasi-experimental intra-sujetos, la investigación
analizó los comportamientos del agente GenAI en el entorno de PyramidApp. El estudio examinó 105
conversaciones en salas de chat, tanto asistidas como no asistidas por el agente GenAI. Los resultados
del estudio revelaron que la presencia del agente GenAI impactó positivamente en aspectos como la
precisión, la reducción de la confusión y la construcción del conocimiento. Asimismo, demostró que
las evaluaciones hechas por el agente se correlacionaron positivamente con las evaluaciones hechas
por estudiantes. Finalmente, el análisis indicó que la presencia del agente en PyramidApp influyó
tanto en el rendimiento de los miembros individuales del grupo como en el comportamiento general
del grupo en las actividades. Los resultados de este estudio proporcionan estrategias para integrar
GenAI en entornos CSCL, y son de utilidad para futuras integraciones de la GenAI.</subfield>
   </datafield>
   <datafield ind2=" " ind1=" " tag="520">
      <subfield code="a">El present estudi va tenir com a objectiu avaluar la influència d’un agent d’Intel·ligència Artificial
Generativa (GenAI) dins de la plataforma d’Aprenentatge Col·laboratiu Suportat per Ordinador
(CSCL) “PyramidApp”. Utilitzant un disseny quasiexperimental intra-subjectes, la investigació va
analitzar els comportaments de l’agent GenAI en l’entorn de PyramidApp. L’estudi va examinar 105
converses en sales de xat, tant assistides com no assistides per l’agent GenAI. Els resultats de l’estudi
van revelar que la presència de l’agent GenAI va impactar positivament en aspectes com la precisió, la
reducció de la confusió i la construcció del coneixement. Així mateix, va demostrar que les
avaluacions fetes per l’agent es van correlacionar positivament amb les avaluacions fetes per
estudiants. Finalment, l’anàlisi va indicar que la presència de l’agent a PyramidApp va influir tant en
el rendiment dels membres individuals del grup com en el comportament general del grup en les
activitats. Els resultats d’aquest estudi proporcionen estratègies per integrar GenAI en entorns CSCL, i
són d’utilitat per futures integracions de la GenAI.</subfield>
   </datafield>
   <datafield ind1="8" ind2=" " tag="024">
      <subfield code="a">http://hdl.handle.net/10230/70110</subfield>
   </datafield>
   <datafield tag="653" ind2=" " ind1=" ">
      <subfield code="a">Intel·ligència artificial</subfield>
   </datafield>
   <datafield ind2="0" ind1="0" tag="245">
      <subfield code="a">A Conversational agent in PyramidApp: analysis of behaviors, and elements of design for a future integration</subfield>
   </datafield>
</record></metadata></record></GetRecord></OAI-PMH>